Usinagem em altíssimas velocidades: como os conceitos HSM-HSC podem revolucionar a indústria metal-mecânica

Gespeichert in:
Bibliographische Detailangaben
Hauptverfasser: Vieiria dos Santos, Aldeci (VerfasserIn), Araújo Bezerra, Alexandre (VerfasserIn), Rocha Machado, Álisson (VerfasserIn), Helleno, André Luís (VerfasserIn), Borges Netto, Antonio (VerfasserIn), Carmino Landi, Domenico (VerfasserIn), Garcia de Oliveira, Fernando (VerfasserIn), Marcondes, Francisco Carlos (VerfasserIn), Cavichiolli, Francisco de Assis (VerfasserIn), Hiroyoshi Tanio, Franco (VerfasserIn), Schulz, Herbert (VerfasserIn), Oliveira Gomes, Jefferson de (VerfasserIn), Gamarra, José Roberto (VerfasserIn), Schützer, Klaus (VerfasserIn), Bacci de Silva, Marcio (VerfasserIn), Ornaghi, Marco Antônio (VerfasserIn), Soto Ice, Marcos (VerfasserIn), Teixeira Coelho, Reginaldo (VerfasserIn), Vargas Vallejos, Rolando (VerfasserIn), Bauco, Silvio Antonio (VerfasserIn)
Format: Buch
Sprache:Portugiesisch
Veröffentlicht: Sao Paulo Érica 2003
Ausgabe:1a. ed
Schlagworte:
Tags: Tag hinzufügen
Keine Tags, Fügen Sie den ersten Tag hinzu!

MARC

LEADER 00000nam a2200000 a 4500
001 UCK3778
003 CL-VaPUC
008 050506e20030000BL |||||||||||||||||por|d
020 |a 8571949743 
082 0 4 |a 671.35  |b VIE  |2 21 
100 0 |a Vieiria dos Santos, Aldeci  |e author  |9 492131 
700 0 |a Araújo Bezerra, Alexandre  |e author  |9 492132 
700 0 |a Rocha Machado, Álisson  |e author  |9 492133 
700 0 |a Helleno, André Luís  |e author  |9 492134 
700 0 |a Borges Netto, Antonio  |e author  |9 492135 
700 0 |a Carmino Landi, Domenico  |e author  |9 492136 
700 0 |a Garcia de Oliveira, Fernando  |e author  |9 492137 
700 0 |a Marcondes, Francisco Carlos  |e author  |9 492138 
700 0 |a Cavichiolli, Francisco de Assis  |e author  |9 492139 
700 0 |a Hiroyoshi Tanio, Franco  |e author  |9 492140 
700 0 |a Schulz, Herbert  |e author  |9 492141 
700 0 |a Oliveira Gomes, Jefferson de  |e author  |9 492142 
700 0 |a Gamarra, José Roberto  |e author  |9 492143 
700 0 |a Schützer, Klaus  |e author  |9 492144 
700 0 |a Bacci de Silva, Marcio  |e author  |9 492145 
700 0 |a Ornaghi, Marco Antônio  |e author  |9 492146 
700 0 |a Soto Ice, Marcos  |e author  |9 492147 
700 0 |a Teixeira Coelho, Reginaldo  |e author  |9 492148 
700 0 |a Vargas Vallejos, Rolando  |e author  |9 492149 
700 0 |a Bauco, Silvio Antonio  |e author  |9 492150 
245 1 0 |a Usinagem em altíssimas velocidades: como os conceitos HSM-HSC podem revolucionar a indústria metal-mecânica 
250 |a 1a. ed 
300 |a 214 p 
942 |c BK 
945 |d 20050506 00:00:00  |a jcarroza 
260 |a Sao Paulo  |b Érica  |c 2003 
650 7 |a MAQUINADO  |2 CL-VaPUC  |9 429973 
650 7 |a FRESADO  |2 CL-VaPUC  |9 428024 
650 7 |a TORNOS  |2 CL-VaPUC  |9 492151 
583 |a last modification  |c 20050506 00:00:00  |k Rodrigo Vera 
999 |c 312872  |d 312870 
952 |0 0  |1 0  |4 0  |6 671_350000000000000_VIE_2003  |7 0  |8 A  |9 383718  |a BIBMEC  |b BIBMEC  |d 2019-11-22  |i 4114647  |o 671.35 VIE 2003  |p 4114647  |r 2019-11-22  |w 2019-11-22  |y BK  |k MEC